export_success — 

Light manufacturing in Tanzania : directions in development : targeted policies to enhance private investment and create jobs /

Bibliographic Details
Main Author: Dinh, Hinh T., 1953-
Other Authors: Monga, Celestin.
Format: eBook
Language:English
Published: Washington, DC : World Bank, [2013]
Series:Directions in development (Washington, D.C.). Private section development.
Subjects:
Online Access:Click to View
LEADER 02720nam a2200493Ii 4500
001 EBC1426887
003 MiAaPQ
005 20200520144314.0
006 m o d |
007 cr cnu||||||||
008 130708s2013 dcua ob 001 0 eng d
020 |z 9781464800320 (pbk. : alk. paper) 
020 |a 9781464800337  |q (electronic bk.) 
035 |a (MiAaPQ)EBC1426887 
035 |a (Au-PeEL)EBL1426887 
035 |a (CaPaEBR)ebr10757164 
035 |a (CaONFJC)MIL525152 
035 |a (OCoLC)859382175 
040 |a MiAaPQ  |b eng  |e rda  |e pn  |c MiAaPQ  |d MiAaPQ 
050 4 |a HD9737.T342  |b D56 2013 
082 0 |a 338.09678  |2 23 
100 1 |a Dinh, Hinh T.,  |d 1953- 
245 1 0 |a Light manufacturing in Tanzania :  |b directions in development : targeted policies to enhance private investment and create jobs /  |c by Hinh T. Dinh and Celestin Monga ; with contributions by Josaphat Kweka, Fahrettin Yagci, and Yutaka Yoshino. 
264 1 |a Washington, DC :  |b World Bank,  |c [2013] 
264 4 |c 2013 
300 |a 1 online resource (139 pages) :  |b illustrations 
336 |a text  |2 rdacontent 
337 |a computer  |2 rdamedia 
338 |a online resource  |2 rdacarrier 
490 1 |a Directions in development. Private section development 
504 |a Includes bibliographical references and index. 
505 0 |a Foreword -- Acknowledgments -- Acronyms and abbreviations -- Overall context -- A good potential in light manufacturing -- A country with great potential -- The business environment -- Sectoral analyses -- Textiles and apparel -- Leather and leather products -- Wood and wood products -- Agroprocessing -- Institutional support for policy coordination -- Appendixes -- A. A matrix of policy actions to accelerate light industry development -- B. The institutional support structure and value chain, four sectors. 
588 |a Description based on print version record. 
590 |a Electronic reproduction. Ann Arbor, MI : ProQuest, 2015. Available via World Wide Web. Access may be limited to ProQuest affiliated libraries. 
650 0 |a Industrial policy  |z Tanzania. 
650 0 |a Manufacturing industries  |x Government policy  |z Tanzania. 
650 0 |a Manufacturing industries  |z Tanzania. 
651 0 |a Tanzania  |x Economic conditions. 
655 4 |a Electronic books. 
700 1 |a Monga, Celestin. 
776 0 8 |i Print version:  |a Dinh, Hinh T., 1953-  |t Light manufacturing in Tanzania.  |d Washington, DC : World Bank, [2013]  |h xvii, 116 pages.  |z 9781464800320  |w (DLC) 2013023309  
797 2 |a ProQuest (Firm) 
830 0 |a Directions in development (Washington, D.C.).  |p Private section development. 
856 4 0 |u https://ebookcentral.proquest.com/lib/matrademy/detail.action?docID=1426887  |z Click to View